000
00327 a2200133 4500
005
20251212141823.0
020
_a
9789356814585
040
_b
Eng
082
_a
53 GKP
100
_a
GKP
245
_a
GKP GATE 2026 : Physics - Guide 2250+ MCQs for Practice
260
_a
Career launcher Infrastructure:
_b
GKP,
_c
2026.
942
_c
BK
999
_c
5536
_d
5531